| 000 | 00557nam a22001577a 4500 | ||
|---|---|---|---|
| 999 |
_c113451 _d113451 |
||
| 005 | 20190803102134.0 | ||
| 008 | 190803b ||||| |||| 00| 0 eng d | ||
| 020 | _a97896997939064 | ||
| 040 | _cPK-LaUMT | ||
| 082 |
_aMSC 320.95491 _bRAO-J |
||
| 100 | _aRao Rasheed = راو رشید | ||
| 245 |
_aJo mein naye dekha = جو میں نے دیکھا (پاکستانی سیاست اور حکمرانی کی اندرونی کہانی) / _cby Rao Rasheed = راو رشید |
||
| 260 |
_aLahore : _bJamhoori Publications, _c2015 |
||
| 546 | _aUrdu | ||
| 942 | _cBK | ||